| 000 | 00381 a2200109 4500 | ||
|---|---|---|---|
| 001 | ART_52156 | ||
| 005 | 20260410162046.0 | ||
| 008 | 260409a | ||
| 245 | 1 | 0 | _aMoratoria ampliada. Obligaciones impositivas, de la seguridad social y aduanera |
| 100 | 1 | _aBaldo, Alberto | |
| 773 | 0 |
_tImpuestos _gAmpliación de la moratoria fiscal - Nº 83/1 (sep. 2020) _wREV45175 |
|
| 999 |
_c35319 _d35319 |
||